| 000 | 00538nam a2200169 4500 | ||
|---|---|---|---|
| 001 | 1403 | ||
| 005 | 20181127163237.0 | ||
| 008 | 720320s1964 nyu b 000 0 eng | ||
| 010 | _a64-55778 | ||
| 100 | 1 |
_aRuitenbeek, Hendrik Marinus, _d1928- _eed. |
|
| 245 | 1 | 0 |
_aVarieties of personality theory / _cedited and with an introdution by Hendrik M. Ruitenbeek. |
| 260 |
_aNew York : _bDutton, _c1964. |
||
| 300 |
_axvii, 359 p. ; _c19 cm. |
||
| 500 | _a"A Dutton paperback original" | ||
| 504 | _aIncludes bibliographies. | ||
| 650 | 0 | _aPersonality. | |
| 999 |
_c1034 _d1034 |
||